000 01251nam2a22002531 4500
001 rc\538307
005 20250621165946.0
035 _a(NLR Aleph) 005818324
090 _a5453020
_c5453020
100 _a20030616d1988 |||y0rusy50 ca
101 0 _arus
102 _aRU
105 _aa |||||||||
200 1 _aНезаразные болезни
210 _d1988
_aБ. м.
215 _a212 с.
_cил.
300 _aЧасть текста: эст.
300 _aРез. докл.: англ.
461 0 _1001rc\538306
_12001#$aТеоретические и практические вопросы ветеринарии$eМатериалы респ. конф. "Достижения вет. науки и практики по повышению продуктивности с.-х. животных"$vТ. 1
_95453012
_cТарту
_d1988-
_nБ. и.
_oМатериалы респ. конф. "Достижения вет. науки и практики по повышению продуктивности с.-х. животных"
_tТеоретические и практические вопросы ветеринарии
_vТ. 1
801 0 _aRU
_bNLR
_gpsbo
801 1 _aRU
_bELAR
_2rusmarc
852 _aNLR
_j88-3/12672
942 _cBOOK
980 _aNB